Platónov Sokrates a problematika antropologického obratu

Skúmanie Platónovho Sokrata a problematiky antropologického obratu.

Enregistré dans:
Détails bibliographiques
Auteur principal: Škvrnda, František, ml., 1987-
Autres auteurs: Zelinová, Zuzana
Format: Chapitre de livre
Langue:slovaque
Sujets:
Tags: Ajouter un tag
Pas de tags, Soyez le premier à ajouter un tag!

MARC

LEADER 00000naa a2200000 4500
001 0264014
005 20240502074205.2
041 0 |a slo 
044 |a SK 
245 1 0 |a Platónov Sokrates a problematika antropologického obratu  |c František Škvrnda ml., Zuzana Zelinová 
520 |a Skúmanie Platónovho Sokrata a problematiky antropologického obratu. 
610 2 0 |a filozofia 
610 2 0 |a antropológia 
610 2 0 |a štúdie 
610 2 0 |a etika 
100 1 |a Škvrnda, František, ml., 1987- 
700 1 |a Zelinová, Zuzana